000
00329nam a22001457a 4500
008
210526b ||||| |||| 00| 0 eng d
020
_a
9780781768290
041
_a
eng
080
_2
9th
_a
610.73
082
_a
610.73
100
_a
1
101
_a
INF
245
_a
Critical Care Nursing
_c
Patricia G. Morton
942
_2
udc
_c
BK
999
_c
57609
_d
57609